000 00462nam a22001937a 4500
003 MPLRDC
005 20220104142521.0
008 210129b ||||| |||| 00| 0 eng d
020 _a978-986-6166-20-4
082 _a191 YKX
100 _a杨可欣
245 _a生命自有转弯处!
_c
250 _a初版
260 _a台湾
_b意识文化
_c2011
300 _b253
490 _a心灵意识: 007
650 _a人生哲学
942 _cBK
_o191 YKX
999 _c31522
_d31512